000 00952cam a22003014a 4500
001 12376723
003 OSt
005 20170217192005.0
008 010411s2001 nyua bf 001 0 eng
010 _a 2001268115
020 _a0071348344
040 _aDLC
_cDLC
_dDLC
042 _apcc
050 0 0 _aRC636
_b.H37 2001
082 0 0 _aWH 310 G62d 2001
_221
100 _aEditors Scott, H. Goodnight; William, E. Hathaway
_911622
245 1 0 _aDisorders of Hemostasis and Thrombosis:
_ba clinical guide
250 _a2nd ed.
260 _aNew York;
_bMcGraw-Hill,
_cc2001.
300 _axiv, 622 p. :
_bill. ;
_c23 cm.
504 _aIncludes bibliographical references and index.
650 0 _aBlood
_93044
650 0 _aHemostasis
_93045
650 0 _aThrombosis
_93046
856 4 2 _3Publisher description
_uhttp://www.loc.gov/catdir/description/mh021/2001268115.html
906 _a7
_bcbc
_corigcop
_d2
_encip
_f20
_gy-gencatlg
942 _2z
_cSLOAN
999 _c1118
_d1118